[Event "Eastpointe (US Am N/4/15)"]
[Site "?"]
[Date "1994.??.??"]
[Round "?"]
[White "West, Tony"]
[Black "Lubben, Don"]
[Result "0-1"]
[WhiteElo "1605"]
[BlackElo "1860"]
[PlyCount "100"]
[EventDate "1994.??.??"]

{4/(15)} 1. d4 d5 2. c4 Nf6 3. cxd5 Nxd5 4. e4 Nf6 5. Nc3 e6 6. Bg5 h6 7. Bh4
Be7 8. Nf3 O-O 9. Be2 c6 10. O-O Nxe4 11. Bxe7 Nxc3 12. bxc3 Qxe7 13. Rb1 Nd7
14. Qd3 e5 15. dxe5 Nxe5 16. Nxe5 Qxe5 17. Rb4 Bf5 18. Qd2 Rfe8 19. Bf3 Re7 20.
Qb2 Qc7 21. h3 Rae8 22. Qd2 b6 23. Rf4 Re5 24. Bh5 Be6 25. Rh4 Rd8 26. Qf4 Rdd5
27. Qg3 Qd7 28. f4 Rxh5 29. Rxh5 Rxh5 30. Qf3 Rd5 31. c4 Rd3 32. Qe4 Qd4+ 33.
Qxd4 Rxd4 34. f5 Bxc4 35. Re1 Kf8 36. g4 Bxa2 37. Kh2 Bd5 38. Kg3 a5 39. h4 a4
40. g5 hxg5 41. hxg5 a3 42. f6 a2 43. fxg7+ Kxg7 44. g6 Rb4 45. gxf7 Bxf7 46.
Rc1 Rb1 47. Rxc6 a1=Q 48. Rc2 Rg1+ 49. Kf4 Qd4+ 50. Kf3 Bh5# 0-1

[Event "Detroit (MOR/5/15)"]
[Site "?"]
[Date "1994.??.??"]
[Round "?"]
[White "West, Tony"]
[Black "Libby, Dan"]
[Result "1/2-1/2"]
[WhiteElo "1605"]
[BlackElo "1700"]
[PlyCount "51"]
[EventDate "1994.??.??"]

{5/(15)} 1. d4 Nf6 2. c4 g6 3. Nc3 d5 4. cxd5 Nxd5 5. e4 Nxc3 6. bxc3 Bg7 7.
Bc4 O-O 8. Ne2 b6 9. Be3 Bb7 10. Qc2 Nd7 11. Rd1 e6 12. O-O Nf6 13. f3 Qc8 14.
Qd2 Re8 15. Bh6 Bh8 16. Ng3 Ba6 17. Bxa6 Qxa6 18. e5 Nd7 19. Ne4 Qa5 20. f4 f5
21. exf6 Nxf6 22. Nxf6+ Bxf6 23. Bg5 Qf5 24. Bxf6 Qxf6 25. Qe3 Rac8 26. Qe5
1/2-1/2

[Event "Detroit (MOR/1b/19)"]
[Site "?"]
[Date "1994.??.??"]
[Round "?"]
[White "West, Tony"]
[Black "Leaf, J."]
[Result "1-0"]
[WhiteElo "1605"]
[BlackElo "1605"]
[PlyCount "71"]
[EventDate "1994.??.??"]

1. d4 d5 2. c4 dxc4 3. Nf3 Nf6 4. Bg5 Ne4 5. Bf4 e6 6. e3 Bb4+ 7. Nbd2 c3 8.
Qa4+ Nc6 9. bxc3 Bxc3 10. Rd1 O-O 11. Be2 Bd7 12. Qc2 Bxd2+ 13. Nxd2 Nxd2 14.
Rxd2 a6 15. O-O b5 16. Bf3 g6 17. Bxc6 Bxc6 18. Qxc6 Qe7 19. Qxc7 Qxc7 20. Bxc7
Rac8 21. Be5 Rfe8 22. Bf6 b4 23. Rb2 Rb8 24. h3 a5 25. Rfb1 Rb7 26. a3 Reb8 27.
axb4 Rxb4 28. Rxb4 Rxb4 29. Rxb4 axb4 30. Be7 b3 31. Ba3 Kg7 32. f4 f5 33. Kf2
Kf6 34. Ke2 h6 35. Kd3 g5 36. Bd6 1-0

[Event "Detroit (MCO/C/3a/1)"]
[Site "?"]
[Date "1994.??.??"]
[Round "?"]
[White "West, Tony"]
[Black "Koernke, R."]
[Result "1-0"]
[WhiteElo "1605"]
[BlackElo "1605"]
[PlyCount "93"]
[EventDate "1994.??.??"]

1. d4 d5 2. c4 c6 3. cxd5 cxd5 4. Nc3 Nc6 5. Bf4 a6 6. Nf3 Nf6 7. h3 Bf5 8. e3
e6 9. Nh4 Bg6 10. a3 Bd6 11. Bxd6 Qxd6 12. Bd3 O-O 13. Nxg6 fxg6 14. O-O e5 15.
dxe5 Qxe5 16. Qb3 Rf7 17. e4 Nd4 18. Qa2 Nh5 19. Qxd5 Qxd5 20. Nxd5 Rd8 21. Bc4
Kf8 22. Rad1 Nc6 23. Nb4 Rxd1 24. Rxd1 Rc7 25. Nxc6 Rxc6 26. Bd5 Rc7 27. f3 Nf4
28. Bb3 Ke7 29. Kf2 Rc6 30. Rd2 Rc5 31. Ke3 Nh5 32. Rc2 Rxc2 33. Bxc2 Nf6 34.
g4 Nd7 35. Kd4 Kd6 36. f4 Nf8 37. e5+ Ke7 38. f5 gxf5 39. gxf5 h6 40. b4 Nd7
41. Be4 b6 42. Bb7 a5 43. Kd5 h5 44. h4 a4 45. Bc6 b5 46. Bxd7 Kxd7 47. Kc5 1-0

[Event "Detroit (WCO/5/5)"]
[Site "?"]
[Date "1994.??.??"]
[Round "?"]
[White "West, Tony"]
[Black "Jendras, Gerard"]
[Result "0-1"]
[WhiteElo "1605"]
[BlackElo "1905"]
[PlyCount "34"]
[EventDate "1994.??.??"]

{5/(5)} 1. d4 Nf6 2. c4 c5 3. e3 g6 4. Nf3 Bg7 5. Nc3 O-O 6. Be2 Na6 7. O-O b6
8. a3 Bb7 9. Qc2 Nc7 10. Rb1 d5 11. dxc5 bxc5 12. cxd5 Ncxd5 13. Rd1 Qa5 14.
Nxd5 Bxd5 15. Nd2 Rac8 16. Nb3 Qb6 17. f3 Bxb3 0-1

[Event "Detroit (MCO/C/4/2)"]
[Site "?"]
[Date "1994.??.??"]
[Round "?"]
[White "West, Tony"]
[Black "James, Larry"]
[Result "0-1"]
[WhiteElo "1605"]
[BlackElo "1605"]
[PlyCount "100"]
[EventDate "1994.??.??"]

{4/(2)} 1. d4 d5 2. c4 e6 3. Nc3 Nf6 4. Nf3 Be7 5. e3 O-O 6. cxd5 exd5 7. Bd3
Bg4 8. O-O Nbd7 9. h3 Bh5 10. Be2 Re8 11. Qb3 Nb6 12. Ne5 Bxe2 13. Nxe2 Bd6 14.
Nd3 c6 15. Bd2 Ne4 16. Ba5 Bc7 17. Nc5 Qd6 18. g3 Nxc5 19. dxc5 Qxc5 20. Bb4
Qc4 21. Qxc4 Nxc4 22. b3 Ne5 23. Nd4 Rad8 24. Rfd1 Bd6 25. Bc3 Nd7 26. Nf5 Be5
27. Bxe5 Nxe5 28. Rac1 Nf3+ 29. Kg2 Ng5 30. Rd4 Re4 31. Rdd1 g6 32. Nh4 d4 33.
exd4 Rexd4 34. Rxd4 Rxd4 35. Rc2 f5 36. Nf3 Nxf3 37. Kxf3 Kf7 38. Re2 a5 39. a4
b5 40. axb5 cxb5 41. Re3 a4 42. bxa4 bxa4 43. Ke2 Re4 44. Kd2 Rxe3 45. fxe3 Ke6
46. Kc3 Ke5 47. Kb4 Ke4 48. Kxa4 Kxe3 49. Kb4 Kf3 50. Kc4 Kxg3 0-1

[Event "Eastpointe (EDO/5/18)"]
[Site "?"]
[Date "1994.??.??"]
[Round "?"]
[White "West, Tony"]
[Black "Grams, Paul"]
[Result "0-1"]
[WhiteElo "1605"]
[BlackElo "1800"]
[PlyCount "128"]
[EventDate "1994.??.??"]

{5/(18)} 1. d4 Nf6 2. c4 c5 3. d5 e6 4. Nc3 exd5 5. cxd5 d6 6. e4 Be7 7. Bd3
O-O 8. Nf3 Bg4 9. O-O a6 10. h3 Bh5 11. Bc2 Nbd7 12. Qd3 Bg6 13. Nh4 Ne5 14.
Qd2 Nxe4 15. Nxe4 Bxh4 16. f4 Bxe4 17. Bxe4 Ng6 18. Qd1 f5 19. Bc2 b5 20. g4
Ne7 21. Qe2 Qd7 22. gxf5 Nxf5 23. Qg4 Bf6 24. Kh2 Bd4 25. Re1 Qf7 26. Re6 Rad8
27. Rb1 g6 28. Bd2 Ng7 29. Ree1 Qxd5 30. Be4 Qh5 31. Qg2 Nf5 32. Ba5 Qh4 33.
Bxf5 Qxf4+ 34. Kh1 Qxf5 35. Bxd8 Rxd8 36. Rf1 Qh5 37. Qf3 Qxf3+ 38. Rxf3 d5 39.
b3 c4 40. bxc4 bxc4 41. Rd1 Bg7 42. Ra3 Rd6 43. Kg2 d4 44. Kf3 d3 45. Ke3 Bh6+
46. Ke4 d2 47. Rc3 Re6+ 48. Kd4 Re1 49. Rxd2 Bxd2 50. Rxc4 a5 51. Kd3 Bb4 52.
h4 Rd1+ 53. Ke2 Rd2+ 54. Ke3 Rxa2 55. Ke4 Re2+ 56. Kd5 Be1 57. Kd6 Rh2 58. Ke6
Rxh4 59. Rc7 Rf4 60. Ke5 Rf5+ 61. Ke6 h5 62. Ra7 h4 63. Ke7 h3 64. Kd7 Rf7+ 0-1

[Event "Detroit (WCO/3/12)"]
[Site "?"]
[Date "1994.??.??"]
[Round "?"]
[White "West, Tony"]
[Black "Fleshman, Justin"]
[Result "1-0"]
[WhiteElo "1605"]
[BlackElo "1605"]
[PlyCount "71"]
[EventDate "1994.??.??"]

{3/(12)} 1. d4 d5 2. c4 c6 3. cxd5 cxd5 4. Nc3 Nf6 5. Bf4 Nc6 6. e3 a6 7. Nf3
g6 8. Be2 Bg7 9. O-O O-O 10. a3 Bg4 11. b4 e6 12. b5 axb5 13. Nxb5 Ne4 14. h3
Bxf3 15. Bxf3 Ra5 16. Bc7 Nc3 17. Bxd8 Nxd1 18. Bxa5 Nxa5 19. Bxd1 Nc4 20. Ra2
Ra8 21. Bb3 Nb6 22. Rc1 Bf6 23. Rc7 Rb8 24. Nd6 Na8 25. Rxf7 Bg5 26. Rxb7 Rd8
27. Nf7 Rc8 28. Nxg5 Re8 29. Nxe6 Rc8 30. Bxd5 h6 31. Rg7+ Kh8 32. Bxa8 Rxa8
33. Rc2 g5 34. Rcc7 h5 35. Rh7+ Kg8 36. Rcg7# 1-0

[Event "Eastpointe (EDO/3/19)"]
[Site "?"]
[Date "1994.??.??"]
[Round "?"]
[White "West, Tony"]
[Black "Calton, David A"]
[Result "1-0"]
[WhiteElo "1605"]
[BlackElo "1815"]
[PlyCount "71"]
[EventDate "1994.??.??"]

{3/(19)} 1. d4 g6 2. c4 Bg7 3. Nc3 d6 4. e4 Nc6 5. Be3 e5 6. Nf3 f5 7. exf5
Bxf5 8. d5 Nce7 9. Bd3 Nf6 10. Qc2 O-O 11. O-O Qd7 12. Nh4 Bxd3 13. Qxd3 Qg4
14. g3 e4 15. Qe2 Qxe2 16. Nxe2 Ng4 17. Bd4 Bxd4 18. Nxd4 Ne5 19. Ne6 Nf3+ 20.
Nxf3 Rxf3 21. Ng5 Rd3 22. Nxe4 Rd4 23. Rfe1 Rxc4 24. Nxd6 cxd6 25. Rxe7 Rc2 26.
Rxb7 Re8 27. Rxa7 Ree2 28. Rf1 Red2 29. a4 Rxb2 30. a5 Rxd5 31. a6 Rdd2 32.
Ra8+ Kg7 33. a7 Ra2 34. Kg2 d5 35. Kf3 Re2 36. Rd8 1-0

[Event "Detroit (MOR/7/12)"]
[Site "?"]
[Date "1994.??.??"]
[Round "?"]
[White "West, Tony"]
[Black "Bostic, Donald"]
[Result "0-1"]
[WhiteElo "1605"]
[BlackElo "1690"]
[PlyCount "66"]
[EventDate "1994.??.??"]

{7/(12)} 1. d4 Nf6 2. c4 g6 3. Nc3 Bg7 4. e4 d6 5. Nf3 O-O 6. Bg5 Nbd7 7. Be2
c5 8. O-O a6 9. d5 Ne8 10. Qd2 Ne5 11. Nxe5 Bxe5 12. f4 Bd4+ 13. Kh1 f5 14. Bd3
fxe4 15. Nxe4 Nf6 16. Nxf6+ exf6 17. Bh6 Re8 18. Rf3 Qe7 19. Rg3 Bd7 20. h3 b5
21. Qc2 f5 22. cxb5 axb5 23. a3 Qh4 24. Bxf5 Qxg3 25. Bxd7 Re1+ 26. Rxe1 Qxe1+
27. Kh2 Bf2 28. Be6+ Kh8 29. Qc3+ Qxc3 30. bxc3 Rxa3 31. Bf8 Rxc3 32. Bxd6 Bg3+
33. Kg1 Rc1# 0-1

[Event "Detroit (MCO/C/1a/6)"]
[Site "?"]
[Date "1994.??.??"]
[Round "?"]
[White "West, Tony"]
[Black "Black, T."]
[Result "1-0"]
[WhiteElo "1605"]
[BlackElo "1605"]
[PlyCount "165"]
[EventDate "1994.??.??"]

1. d4 e6 2. c4 c5 3. Nf3 Nc6 4. e3 Nf6 5. Nc3 cxd4 6. exd4 Bb4 7. a3 Bxc3+ 8.
bxc3 Ne4 9. Qc2 Qa5 10. Bb2 Ng5 11. Nd2 h6 12. Bd3 f6 13. Bg6+ Nf7 14. O-O O-O
15. Nf3 b6 16. Nh4 Ne7 17. Be4 Rb8 18. Bh7+ Kh8 19. Bg6 Bb7 20. f4 f5 21. a4
Nd6 22. Ba3 Nec8 23. Bb4 Qa6 24. c5 Nc4 25. c6 N8d6 26. cxb7 Qxb7 27. Bxd6 Nxd6
28. Bh5 Kg8 29. Bf3 Qc7 30. Ng6 Rf6 31. Ne5 Rc8 32. Rac1 Nc4 33. Nxc4 Qxc4 34.
Be2 Qc6 35. Bb5 Qd5 36. Qd3 Rg6 37. Qf3 Qd6 38. Qb7 Rc7 39. Qa8+ Kf7 40. Be2
Rf6 41. Qf3 g6 42. Qh3 Kg7 43. Qd3 Qa3 44. Qc2 d5 45. Bb5 Qe7 46. Qb3 g5 47. c4
Rg6 48. Qe3 gxf4 49. Qxf4 Rg4 50. Qe5+ Kg6 51. cxd5 Rxc1 52. Rxc1 Re4 53. Rc7
Rxe5 54. Rxe7 Rxd5 55. Rxe6+ Kg5 56. Re7 Rxd4 57. Rxa7 Rd6 58. Rd7 Rf6 59. Rg7+
Kf4 60. Kf2 Ke5 61. Re7+ Kd6 62. Rd7+ Ke6 63. Rb7 Kd5 64. Kf3 f4 65. Rg7 Ke5
66. Re7+ Kd6 67. Re4 Rg6 68. Rxf4 Ke5 69. Rg4 Rf6+ 70. Kg3 h5 71. Rg5+ Rf5 72.
Rxf5+ Kxf5 73. Kh4 Kg6 74. Be2 Kh6 75. Bxh5 Kg7 76. Kg5 Kh7 77. g4 Kg7 78. h4
Kh7 79. Kf6 Kh6 80. g5+ Kh7 81. g6+ Kh6 82. g7 b5 83. g8=Q 1-0

[Event "Detroit (Class C/3/3)"]
[Site "?"]
[Date "1994.??.??"]
[Round "?"]
[White "West, Tony"]
[Black "Barta, Roger"]
[Result "1/2-1/2"]
[WhiteElo "1605"]
[BlackElo "1605"]
[PlyCount "121"]
[EventDate "1994.??.??"]

{3/(3)} 1. d4 e6 2. c4 Nf6 3. g3 d5 4. Bg2 c6 5. cxd5 exd5 6. Nf3 Bb4+ 7. Bd2
Bxd2+ 8. Nbxd2 O-O 9. O-O Re8 10. e3 Bf5 11. Qb3 Qc7 12. Nh4 Be4 13. Nxe4 Nxe4
14. Nf3 Nd7 15. Rac1 Nb6 16. Qc2 Nc4 17. b3 Na3 18. Qb2 Qa5 19. Rfd1 Nb5 20. b4
Qa3 21. Qxa3 Nxa3 22. Nd2 Nxd2 23. Rxd2 Nc4 24. Rdc2 a5 25. bxa5 Rxa5 26. Bf1
b5 27. Bh3 Re7 28. Ra1 Rea7 29. Bg2 b4 30. Rb1 Ra4 31. e4 Kf8 32. Rb3 R7a5 33.
exd5 cxd5 34. Re2 Nb6 35. a3 Rb5 36. Rbe3 g6 37. axb4 Rbxb4 38. Re8+ Kg7 39.
Rb8 Rxd4 40. Rxb6 Rd1+ 41. Bf1 Raa1 42. Rd6 Rxf1+ 43. Kg2 Rfd1 44. Re5 d4 45.
Red5 Ra4 46. h4 Rd2 47. h5 Rb4 48. g4 d3 49. Kf3 Rbb2 50. Rxd3 Rxf2+ 51. Kg3
Rg2+ 52. Kf4 Rb4+ 53. R6d4 Rxd4+ 54. Rxd4 gxh5 55. gxh5 h6 56. Rd3 Rg5 57. Rh3
f6 58. Rh4 f5 59. Rh3 Kf6 60. Rh4 Rg1 61. Rh3 1/2-1/2

[Event "Eastpointe (US Am N/1a/7)"]
[Site "?"]
[Date "1994.??.??"]
[Round "?"]
[White "West, Tony"]
[Black "Andreas, Peter"]
[Result "0-1"]
[WhiteElo "1605"]
[BlackElo "1915"]
[PlyCount "104"]
[EventDate "1994.??.??"]

1. d4 d5 2. c4 c6 3. cxd5 cxd5 4. Nc3 Nf6 5. Bf4 Nc6 6. e3 a6 7. Bd3 e6 8. a3
Be7 9. Nge2 Nh5 10. Bg3 Nxg3 11. hxg3 g6 12. Nf4 Bf6 13. Qf3 Bg7 14. Kd2 Na5
15. Ke2 Bd7 16. Rh2 Qb6 17. Rb1 Nb3 18. Ke1 O-O-O 19. Nfe2 f5 20. Qf4 Be8 21.
Bc2 Na5 22. Ba4 Nc4 23. Bxe8 Rdxe8 24. Na4 Qb3 25. Nc5 Qc2 26. Rc1 Qd2+ 27. Kf1
Qxb2 28. Na4 Qb3 29. Nc5 Qxa3 30. f3 Bf8 31. Kf2 Bxc5 32. dxc5 Qxc5 33. Rhh1
Kd7 34. Rb1 b5 35. Qh6 Qe7 36. Ra1 Ra8 37. Rhd1 Ke8 38. Nf4 Kf7 39. Nd3 Qf6 40.
Qf4 Rhc8 41. Rdb1 Qc3 42. Rd1 Qc2+ 43. Kg1 Qc3 44. Qh6 Qg7 45. Qf4 g5 46. Qd4
Qxd4 47. exd4 Ne3 48. Rdb1 Nc2 49. Ra2 Nxd4 50. Ne5+ Ke7 51. Rb4 Nc6 52. Nxc6+
Rxc6 0-1

[Event "Eastpointe (MI Action/4/14)"]
[Site "?"]
[Date "1994.??.??"]
[Round "?"]
[White "Wensink, E."]
[Black "Foord, Allan"]
[Result "1-0"]
[WhiteElo "1605"]
[BlackElo "1665"]
[PlyCount "119"]
[EventDate "1994.??.??"]

{4/(14)} 1. e4 c5 2. c4 Nc6 3. Nc3 Nf6 4. Nf3 d6 5. Be2 e6 6. d3 Be7 7. O-O Bd7
8. Bd2 O-O 9. Re1 a6 10. b3 h6 11. h3 Nh7 12. Be3 Bf6 13. Rc1 Qa5 14. Bd2 Qc7
15. a3 Rab8 16. Rb1 b5 17. cxb5 axb5 18. Qc2 b4 19. axb4 Nxb4 20. Qd1 Ra8 21.
Ra1 Ra5 22. Rxa5 Qxa5 23. Qb1 Ra8 24. Bd1 Bc6 25. e5 dxe5 26. Nxe5 Bb7 27. Bf3
Bxf3 28. Nxf3 Rd8 29. Ne5 Bxe5 30. Rxe5 Rxd3 31. Ne4 f5 32. Bxb4 Qxb4 33. Qxd3
Qe1+ 34. Qf1 Qxf1+ 35. Kxf1 fxe4 36. Rxe4 Nf6 37. Rxe6 Kf7 38. Rc6 Ne4 39. Ke2
Ke7 40. f3 Kd7 41. Rg6 Nc3+ 42. Kd3 Nd5 43. Kc4 Nf4 44. Rxg7+ Kd6 45. Rf7 Nxg2
46. Rf6+ Ke5 47. Rxh6 Ne1 48. Kxc5 Nxf3 49. b4 Ng5 50. b5 Nf7 51. Rh7 Nd8 52.
Rd7 Ne6+ 53. Kc6 Nf8 54. Re7+ Kd4 55. b6 Ng6 56. Re8 Ne5+ 57. Kc7 Kd5 58. b7
Nc6 59. b8=Q Nxb8 60. Kxb8 1-0

[Event "Eastpointe (MI Action/2/24)"]
[Site "?"]
[Date "1994.??.??"]
[Round "?"]
[White "Wensink, E."]
[Black "Domka, D."]
[Result "1-0"]
[WhiteElo "1605"]
[BlackElo "1605"]
[PlyCount "59"]
[EventDate "1994.??.??"]

{2/(24)} 1. e4 e5 2. Nf3 Nc6 3. Bc4 Bc5 4. O-O Nf6 5. d3 h6 6. Nc3 O-O 7. Re1
d6 8. Nd5 Be6 9. b3 Ng4 10. Be3 Nxe3 11. Nxe3 a6 12. c3 b5 13. Bxe6 fxe6 14. b4
Bb6 15. Qb3 Qf6 16. c4 Nd4 17. Nxd4 Bxd4 18. Rac1 Qxf2+ 19. Kh1 Bxe3 20. Rb1
Rf7 21. cxb5 Raf8 22. Qxe6 axb5 23. Rf1 Qxa2 24. Qxa2 Kh8 25. Rxf7 Rxf7 26.
Qxf7 c5 27. Qg6 cxb4 28. Ra1 Bb6 29. Ra8+ Bd8 30. Rxd8# 1-0

[Event "Eastpointe (MI Action/5/8)"]
[Site "?"]
[Date "1994.??.??"]
[Round "?"]
[White "Wensink, E."]
[Black "Bee, A."]
[Result "0-1"]
[WhiteElo "1605"]
[BlackElo "1900"]
[PlyCount "54"]
[EventDate "1994.??.??"]

{5/(8)} 1. e4 c6 2. c3 d5 3. Bd3 e5 4. Nf3 Bd6 5. O-O Bg4 6. b3 Nf6 7. h3 Bh5
8. Re1 O-O 9. Ba3 dxe4 10. Bxd6 Qxd6 11. Bxe4 Nxe4 12. Rxe4 f5 13. Rc4 e4 14.
Rd4 Qg6 15. Ne5 Bxd1 16. Nxg6 hxg6 17. Na3 Be2 18. Rd7 Nxd7 19. Re1 Bd3 20. b4
b5 21. Re3 f4 22. Re1 f3 23. Nb1 Ne5 24. a3 Kf7 25. g4 Rh8 26. c4 Rxh3 27. Nc3
Rah8 0-1

[Event "Detroit (MI Op/4/25)"]
[Site "?"]
[Date "1994.??.??"]
[Round "?"]
[White "Welch, Joseph"]
[Black "Smith, Walt"]
[Result "0-1"]
[WhiteElo "1605"]
[BlackElo "1950"]
[PlyCount "48"]
[EventDate "1994.??.??"]

{4/(25)} 1. e4 c5 2. Nc3 Nc6 3. f4 e6 4. Bc4 a6 5. a3 b5 6. Ba2 d6 7. Nf3 Nf6
8. d3 Be7 9. O-O O-O 10. Qe1 Bb7 11. Ng5 Nd4 12. Qf2 a5 13. Be3 h6 14. Bxd4
cxd4 15. Nxe6 fxe6 16. Bxe6+ Kh8 17. Qxd4 Bc8 18. Bxc8 Rxc8 19. Rfc1 d5 20. Qe5
Qb6+ 21. Kh1 Ng4 22. Qxe7 Nf2+ 23. Kg1 Nh3+ 24. Kh1 Qg1+ 0-1

[Event "Grand Rapids (MI Am/4/6)"]
[Site "?"]
[Date "1994.??.??"]
[Round "?"]
[White "Welch, Joseph"]
[Black "McCarter, Robert"]
[Result "0-1"]
[WhiteElo "1605"]
[BlackElo "1700"]
[PlyCount "82"]
[EventDate "1994.??.??"]

{4/(6)} 1. e4 c5 2. Nf3 d6 3. d4 cxd4 4. Nxd4 Nf6 5. Nc3 a6 6. f4 Qc7 7. Be2 g6
8. O-O Bg7 9. f5 b5 10. Bf3 Bb7 11. Kh1 Nbd7 12. Bf4 Ne5 13. Bxe5 dxe5 14. Nb3
Rd8 15. Qe2 b4 16. Na4 Nd7 17. Qf2 Bc6 18. Nac5 Bb5 19. Rfd1 O-O 20. Nxd7 Bxd7
21. Rd5 e6 22. Rc5 Qa7 23. Qg3 Rc8 24. Rxc8 Rxc8 25. Rc1 exf5 26. exf5 Bxf5 27.
c4 bxc3 28. bxc3 Qe3 29. c4 e4 30. Re1 Qd3 31. Rd1 Qxc4 32. Bg4 Bxg4 33. Qxg4
f5 34. Qg5 Qe2 35. Rc1 Re8 36. h3 Qf2 37. Nc5 Be5 38. Nd7 Qf4 39. Nf6+ Kf7 40.
Qxf4 Bxf4 41. Nd5 Bxc1 0-1

[Event "Grand Rapids (MI Am/2/11)"]
[Site "?"]
[Date "1994.??.??"]
[Round "?"]
[White "Welch, Joseph"]
[Black "Lubben, Don"]
[Result "1-0"]
[WhiteElo "1605"]
[BlackElo "1860"]
[PlyCount "68"]
[EventDate "1994.??.??"]

{2/(11)} 1. e4 e6 2. d4 d5 3. Nc3 Nf6 4. e5 Nfd7 5. f4 c5 6. Nf3 Nc6 7. Be3 a6
8. Bd3 b5 9. Qd2 Qb6 10. Qf2 cxd4 11. Nxd4 Bc5 12. Nce2 Nb4 13. a3 Qa5 14. O-O
Nxd3 15. cxd3 Bxd4 16. Nxd4 Bb7 17. b4 Qd8 18. Qg3 g6 19. f5 gxf5 20. Qg7 Rf8
21. Rae1 Qh4 22. Nf3 Qh5 23. Qg3 Qg6 24. Qf2 Rg8 25. Rc1 Kf8 26. Rc7 Bc8 27.
Rfc1 Kg7 28. R1c6 f4 29. Bxf4 Qxd3 30. Bg5 Qd1+ 31. Ne1 Kg6 32. Rxd7 Kxg5 33.
Rxf7 Qg4 34. Qf6+ Kh5 1-0

[Event "Detroit (MI Op/7/36)"]
[Site "?"]
[Date "1994.??.??"]
[Round "?"]
[White "Welch, Joseph"]
[Black "Key_Smith, G."]
[Result "1-0"]
[WhiteElo "1605"]
[BlackElo "1805"]
[PlyCount "73"]
[EventDate "1994.??.??"]

{7/(36)} 1. e4 e5 2. f4 d5 3. exd5 e4 4. Bb5+ c6 5. dxc6 Nxc6 6. Bxc6+ bxc6 7.
Nc3 Nf6 8. Nge2 Bc5 9. h3 Qe7 10. d4 Bb6 11. Na4 Bc7 12. c4 e3 13. Nac3 Ba5 14.
Qd3 O-O 15. Bxe3 Bf5 16. Qxf5 Qxe3 17. Qxa5 Rfe8 18. Rd1 Qxf4 19. Rf1 Qh6 20.
Rd3 Re7 21. Rd2 Rae8 22. Qf5 Qh4+ 23. Kd1 Rb7 24. b3 Rd7 25. d5 c5 26. d6 a5
27. Qxc5 a4 28. b4 Ne4 29. Nxe4 Qxe4 30. Rf3 h6 31. Nc3 Qe1+ 32. Kc2 Qh1 33.
Qf5 Red8 34. c5 a3 35. Qf4 Qa1 36. Kb3 Kh8 37. Rf1 1-0

[Event "Eastpointe (MI Action/4/18)"]
[Site "?"]
[Date "1994.??.??"]
[Round "?"]
[White "Welch, Joseph"]
[Black "Jackson, K."]
[Result "1-0"]
[WhiteElo "1605"]
[BlackElo "1605"]
[PlyCount "65"]
[EventDate "1994.??.??"]

{4/(18)} 1. e4 d5 2. e5 e6 3. d4 c5 4. c3 Nc6 5. Nf3 Be7 6. Be2 f6 7. Bf4 cxd4
8. cxd4 fxe5 9. Bxe5 Nf6 10. Nc3 O-O 11. O-O Ng4 12. Bg3 Bf6 13. h3 Nh6 14. Re1
Qe7 15. Bf1 Rd8 16. a3 Nf7 17. b4 e5 18. dxe5 Bxe5 19. Bxe5 Nfxe5 20. Nxe5 Nxe5
21. f4 d4 22. Rxe5 dxc3 23. Rxe7 Rxd1 24. Rxd1 Bf5 25. Bc4+ Kf8 26. Rf7+ Ke8
27. Rxf5 a6 28. Rc1 b5 29. Bf7+ Ke7 30. Rxc3 g6 31. Rc7+ Kd6 32. Rfc5 g5 33.
R5c6# 1-0

[Event "Eastpointe (MI Action/2/9)"]
[Site "?"]
[Date "1994.??.??"]
[Round "?"]
[White "Welch, Joseph"]
[Black "Bueno, A."]
[Result "0-1"]
[WhiteElo "1605"]
[BlackElo "2070"]
[PlyCount "82"]
[EventDate "1994.??.??"]

{2/(9)} 1. Nf3 d5 2. c4 d4 3. g3 Nc6 4. Bg2 e5 5. d3 Bb4+ 6. Bd2 Bxd2+ 7. Nbxd2
Nge7 8. b4 f6 9. b5 Nb8 10. Ne4 O-O 11. h4 Nd7 12. h5 h6 13. Nh4 f5 14. Nd2 Nc5
15. Nb3 Qd6 16. Nxc5 Qxc5 17. Ng6 Nxg6 18. hxg6 Rf6 19. Bd5+ Kf8 20. Qd2 Rxg6
21. O-O-O a6 22. Rh5 axb5 23. Rdh1 bxc4 24. dxc4 Qa3+ 25. Qb2 Qxb2+ 26. Kxb2
Rb6+ 27. Ka1 c6 28. Bg2 Rba6 29. R1h2 Rxa2+ 30. Kb1 Ra1+ 31. Kb2 R8a2+ 32. Kb3
Rxe2 33. Bf3 Rb1+ 34. Ka3 Rc2 35. Bxc6 bxc6 36. f4 Rxh2 37. Rxh2 e4 38. Ka2 Rb4
39. c5 Be6+ 40. Ka3 Rb3+ 41. Ka4 d3 0-1

[Event "Detroit (MI Op/3/29)"]
[Site "?"]
[Date "1994.??.??"]
[Round "?"]
[White "Welch, Joseph"]
[Black "Ball, Ed"]
[Result "1/2-1/2"]
[WhiteElo "1605"]
[BlackElo "1955"]
[PlyCount "101"]
[EventDate "1994.??.??"]

{3/(29)} 1. e4 f5 2. exf5 e5 3. Qh5+ Ke7 4. d3 Nf6 5. Bg5 d5 6. Bxf6+ gxf6 7.
Nd2 c5 8. Ne2 Nc6 9. a3 Qe8 10. Qf3 Qd7 11. g4 h5 12. h3 Bh6 13. O-O-O b5 14.
Bg2 b4 15. Qxd5 bxa3 16. Qxc5+ Qd6 17. Qxd6+ Kxd6 18. bxa3 Ba6 19. Nc3 Rhc8 20.
Bxc6 Rxc6 21. Nce4+ Ke7 22. Kb2 Rac8 23. c4 Rb6+ 24. Ka2 Bb7 25. Rhg1 Rd8 26.
Nb3 Ba8 27. f3 Rdb8 28. Rb1 Bc6 29. Nbc5 Bf8 30. Rxb6 Rxb6 31. Rb1 Kf7 32. Rxb6
axb6 33. Ne6 Be7 34. h4 Ba4 35. Nf2 Bc6 36. Ne4 Ba4 37. Nc3 Bc2 38. d4 exd4 39.
Nxd4 Bd3 40. Kb3 Bc5 41. Nce2 hxg4 42. fxg4 Be4 43. h5 Kg8 44. a4 Kh7 45. Kc3
Bg2 46. Nf4 Be4 47. Nfe6 Bd6 48. g5 Be5 49. g6+ Kh6 50. g7 Kh7 51. Kd2 1/2-1/2

[Event "Eastpointe (MI Action/6/9)"]
[Site "?"]
[Date "1994.??.??"]
[Round "?"]
[White "Welch, Joseph"]
[Black "Aldrich, Jeff"]
[Result "1-0"]
[WhiteElo "1605"]
[BlackElo "1915"]
[PlyCount "41"]
[EventDate "1994.??.??"]

{6/(9)} 1. e4 c6 2. d4 d5 3. Nc3 dxe4 4. Nxe4 Nd7 5. Nf3 Ngf6 6. Ng3 e6 7. Bd3
c5 8. dxc5 Bxc5 9. h3 O-O 10. O-O Qb6 11. b3 h6 12. Bb2 Re8 13. Qd2 e5 14. Bc4
e4 15. Nd4 Ne5 16. Rab1 Nc6 17. Nxc6 bxc6 18. Bxf6 gxf6 19. Qxh6 Bf8 20. Qg6+
Kh8 21. Bxf7 1-0

[Event "Eastpointe (EDO/3/21)"]
[Site "?"]
[Date "1994.??.??"]
[Round "?"]
[White "Webster, F."]
[Black "Rosenberg, Steve"]
[Result "1/2-1/2"]
[WhiteElo "1605"]
[BlackElo "1735"]
[PlyCount "84"]
[EventDate "1994.??.??"]

{3/(21)} 1. e4 Nf6 2. Nc3 d5 3. exd5 Nxd5 4. Nxd5 Qxd5 5. Nf3 Bg4 6. Be2 e6 7.
h3 Bh5 8. O-O Bd6 9. d3 Nc6 10. c4 Bxf3 11. cxd5 Bxd5 12. Bf3 Bxf3 13. Qxf3
O-O-O 14. Be3 Ne5 15. Qd1 a6 16. d4 Nc6 17. a3 e5 18. d5 Ne7 19. Qd3 e4 20.
Qxe4 Nxd5 21. Qg4+ Kb8 22. Bd4 Nf4 23. b4 f5 24. Qd1 Rhg8 25. b5 a5 26. Qd2 b6
27. Qb2 Rge8 28. Rfe1 Rxe1+ 29. Rxe1 Nd3 30. Qe2 Nxe1 31. Qxe1 g6 32. a4 g5 33.
Bf6 Rg8 34. Qb1 Re8 35. Bxg5 f4 36. f3 Bc5+ 37. Kh2 h5 38. Bxf4 h4 39. Qh7 Ka8
40. Qxc7 Bg1+ 41. Kxg1 Re1+ 42. Kf2 Re2+ 1/2-1/2

[Event "Eastpointe (EDO/1a/13)"]
[Site "?"]
[Date "1994.??.??"]
[Round "?"]
[White "Webster, F."]
[Black "Franke, R."]
[Result "1-0"]
[WhiteElo "1605"]
[BlackElo "1815"]
[PlyCount "81"]
[EventDate "1994.??.??"]

1. e4 c5 2. Nf3 d6 3. d4 cxd4 4. Nxd4 Nf6 5. Nc3 Nc6 6. Be2 g6 7. Be3 Bg7 8.
O-O O-O 9. Qd2 Bd7 10. Rfd1 a6 11. f4 Rc8 12. Rf1 b5 13. a3 Ng4 14. Nxc6 Rxc6
15. Bxg4 Bxg4 16. Bd4 Bd7 17. Bxg7 Kxg7 18. Nd5 Re8 19. c3 f6 20. Rf2 Be6 21.
f5 Bxd5 22. exd5 Rc5 23. Rd1 Qc8 24. Qf4 Rc4 25. Qg3 Qc5 26. fxg6 hxg6 27. Kh1
Re4 28. Rf4 Re5 29. Rg4 g5 30. Rgd4 Rh8 31. Re1 Rxe1+ 32. Qxe1 Qc7 33. b3 Qd7
34. c4 Rc8 35. Re4 Kf8 36. h4 f5 37. Re6 bxc4 38. Rh6 Kg7 39. hxg5 cxb3 40.
Qa1+ Kf7 41. Rh7+ 1-0

[Event "Gaylord (NMO/2/10)"]
[Site "?"]
[Date "1994.??.??"]
[Round "?"]
[White "Webb, R."]
[Black "Smalec, John"]
[Result "0-1"]
[WhiteElo "1605"]
[BlackElo "1700"]
[PlyCount "36"]
[EventDate "1994.??.??"]

{2/(10)} 1. d4 Nf6 2. Bf4 c5 3. e3 Nc6 4. Nf3 d5 5. Nc3 Qa5 6. a3 c4 7. Be2 Bg4
8. O-O e6 9. Bg5 Bd6 10. Bxf6 gxf6 11. e4 O-O-O 12. Nh4 Bxe2 13. Qxe2 Nxd4 14.
Qd1 dxe4 15. Nxe4 Bb8 16. Qb1 Rhg8 17. g3 Rg4 18. b3 Rxe4 0-1